Ceramics from Islamic lands /
Saved in:
Main Author:
Format: Book
Language: English
Subjects:
Tags: Add Tag
No Tags, Be the first to tag this record!
Call Number: NK3880 .W38 2004
| LEADER | 02284namaa2200313 4500 | ||
|---|---|---|---|
| 001 | 15127 | ||
| 003 | OSt | ||
| 005 | 20210321063918.0 | ||
| 008 | 130303s2004 nyua g bc 001 0 eng d | ||
| 952 | |0 0 |1 0 |2 lcc |4 0 |6 NK3880 W38 02004 |7 1 |9 11185 |a ARCE |b ARCE |d 2021-03-21 |l 0 |o NK3880 .W38 2004 |p 1019246 |r 2021-03-21 00:00:00 |w 2021-03-21 |y BK | ||
| 999 | |c 10222 |d 10222 | ||
| 010 | |a 2003101345 | ||
| 020 | |a 0500976341 | ||
| 040 | |c ARCE Library | ||
| 050 | 0 | 4 | |a NK3880 .W38 2004 |
| 100 | 1 | |a Watson, Oliver, |e author | |
| 245 | 1 | 0 | |a Ceramics from Islamic lands / |c Oliver Watson. |
| 264 | 1 | |a New York : |b [Thames & Hudson in association with The al-Sabah Collection, Dar al-Athar al-Islamiyyah, Kuwait National Museum], |c 2004. | |
| 300 | |a 512 pages : |b color illustrations ; |c 28 cm. | ||
| 336 | |a text |b txt |2 rdacontent | ||
| 337 | |a unmediated |b n |2 rdamedia | ||
| 338 | |a volume |b nc |2 rdacarrier | ||
| 504 | |a Includes bibliographical references (pages 494-506) and index. | ||
| 505 | 0 | |a Islamic pottery: art, archaeology and collecting -- Making and designing -- Ceramic families and technical traditions -- Islamic pottery to A.D. 1000 -- Islamic pottery A.D. 1000-1400 -- Islamic pottery from A.D. 1400 -- Restoration and faking of Islamic ceramics: case histories / Kirsty Norman -- Unglazed wares -- Early "green-glazed" wares -- Early wares: polychrome glaze-painting -- Opaque white glazed wares -- Abbasid lustreware -- Splashed wares -- Slip-painted wares -- Buffwares -- Iranian incised wares -- Lustre pottery of the fatimid period in Egypt -- Syrian and Egyptian wares: 12th-13th century -- Iranian Fritware: 12th-13th century -- Bamiyan Fritwares -- Silhouette and underglaze painted wares: Iran 12th-13th century -- Iranian lustreware: 1170-1220 -- Minai enamel painting: Iran late 12th-early 13th century -- Wares of the Mongol period in Iran: 13th-14th century -- Syria and Egypt: 13th-14th century -- Egyptian wares: 15th century -- Ottoman Pottery: turkey 16th-18th century -- Later Iranian pottery: 15th-19th century -- Indian Mughal ceramics -- Chinese porcelain. | |
| 600 | 1 | 0 | |a Sabah, Nasser Sabah al-Ahmad |x Art collections |v Catalogs. |
| 650 | 0 | |a Islamic pottery |v Catalogs. | |
| 650 | 0 | |a Pottery |x Private collections |z Kuwait |v Catalogs. | |
| 901 | |a reviewed | ||
| 942 | |c BK |2 lcc | ||
